| 000 | 00763nam a2200217 a 4500 | ||
|---|---|---|---|
| 001 | 000019289 | ||
| 005 | 20200929165955.0 | ||
| 008 | 100531s1990 cu 000 p spa d | ||
| 040 |
_aDO-SdBNP _bspa _cBNPHU |
||
| 082 |
_aM861.44 _bH430d |
||
| 100 | 1 |
_aHernández Rivera, Sergio, _d1920-1996 _941484 |
|
| 245 | 1 | 3 |
_aDe distinta maneras / _cSergio Hernández Rivera ; edición de Bertha Hernández López. |
| 260 |
_aLa Habana, Cuba : _bUnión, _c1990. |
||
| 300 |
_a131, [4] p. ; _c19 cm. |
||
| 490 | 1 | _aContemporáneos | |
| 504 | _aIncluye referencias bibliográficas y notas al pie de las páginas. | ||
| 650 | 4 |
_aPoesía mexicana _99120 |
|
| 650 | 4 |
_aLiteratura mexicana _ySIGLO XX _99216 |
|
| 700 | 1 |
_aHernández López, Bertha, _eed. _917039 |
|
| 049 | _aBNGR | ||
| 999 |
_c18807 _d18807 |
||